[Event "AUTO-INT-77"]
[Site "http://www.queenalice.com/game.php?id=95448"]
[Date "2006.8.13"]
[Round "2"]
[White "fabian"]
[Black "Jomaley"]
[Result "1-0"]
[WhiteElo "1602"]
[BlackElo "1426"]

1. e4 e5 2. Qf3 f6 3. Bc4 Nh6 4. Nc3 c6 5. a4 Bb4 6. d3 Bxc3+ 7. bxc3 Qa5 8. Ra3
b5 9. axb5 Qb6 10. Qh5+ Nf7 11. Qxf7+ Kd8 12. Qxg7 Re8 13. Qxh7 cxb5 14. Bf7 Re7
15. Qg8+ Kc7 16. Bd5 b4 17. Be3 Qb5 18. Bxa8 bxa3 19. Nf3 Qb1+ 20. Ke2 Qxc2+ 21.
Nd2 a5 22. Qc4+ Kd8 23. Bb6+ Ke8 24. Qg8# 1-0

[Event "AUTO-INT-77"]
[Site "http://www.queenalice.com/game.php?id=95449"]
[Date "2006.8.13"]
[Round "2"]
[White "Jomaley"]
[Black "fabian"]
[Result "0-1"]
[WhiteElo "1421"]
[BlackElo "1638"]

1. d4 e6 2. e3 Bb4+ 3. c3 Be7 4. Nf3 c6 5. g4 d5 6. Ne5 a5 7. Bh3 f6 8. Nd3 Nh6
9. b4 axb4 10. cxb4 Na6 11. Ba3 Nf7 12. O-O Ng5 13. Bg2 Qd7 14. Nc3 b5 15. h4
Ne4 16. Bxe4 dxe4 17. Nf4 Nxb4 18. Bxb4 Bxb4 19. Nxe4 Bb7 20. Qb3 Ba5 21. Nxe6
h6 22. N4c5 Qc8 23. Nxg7+ Ke7 24. Qd1 Qc7 25. Qf3 Bc8 26. Nh5 Rf8 27. Qe4+ Kf7
28. Qh7+ Ke8 29. Qxh6 Rg8 30. Nxf6+ Kf7 31. g5 Qd6 32. Nce4 Qe6 33. d5 cxd5 34.
Nc5 Qe5 35. Qh7+ Rg7 36. Qh8 Bc7 37. a4 Qh2# 0-1

[Event "AUTO-INT-77"]
[Site "http://www.queenalice.com/game.php?id=95450"]
[Date "2006.8.13"]
[Round "2"]
[White "fabian"]
[Black "BaronFel"]
[Result "1-0"]
[WhiteElo "1604"]
[BlackElo "1797"]

1. e4 e5 2. Bc4 Nf6 3. d3 Nc6 4. Nf3 Bc5 5. Bg5 h6 6. Be3 d5 7. exd5 Nxd5 8.
Bxc5 Nde7 9. Nh4 O-O 10. Nc3 Re8 11. Qf3 Be6 12. g4 Bxc4 13. dxc4 Rb8 14. Rd1
Qc8 15. Qg3 Qe6 16. b3 b6 17. Be3 Nb4 18. Rd2 Rbd8 19. Rg1 c5 20. g5 h5 21. a3
Nbc6 22. Ne4 Nf5 23. Nxf5 Qxf5 24. f3 h4 25. Qg2 Nd4 26. Rf1 Re6 27. a4 a5 28.
c3 Nxb3 29. Rxd8+ Kh7 30. g6+ Rxg6 31. Qb2 Nd4 32. cxd4 exd4 33. Bd2 Qe5 34. Qb5
Qe7 35. Re8 Qb7 36. Rf8 Qe7 37. Re8 Qb7 38. Ng5+ Rxg5 39. Bxg5 d3 40. Rf8 Qc7
41. Qe8 d2+ 42. Bxd2 1-0

[Event "AUTO-INT-77"]
[Site "http://www.queenalice.com/game.php?id=95451"]
[Date "2006.8.13"]
[Round "2"]
[White "BaronFel"]
[Black "fabian"]
[Result "1-0"]
[WhiteElo "1788"]
[BlackElo "1613"]

1. e4 e5 2. Nf3 Qf6 3. Bc4 Nc6 4. d3 Bb4+ 5. Bd2 a5 6. a3 Bc5 7. Bg5 Qg6 8. c3
h6 9. Bh4 Qxg2 10. Rg1 Qh3 11. Rxg7 d6 12. Rxf7 Bg4 13. Bf6 Qg2 14. Bh4 Bh5 15.
Rf5 Bg4 16. Rf7 Nge7 17. d4 exd4 18. Nbd2 Ng6 19. Bg3 Nce5 20. Rf6 Rf8 21. Qa4+
c6 22. Rxf8+ Nxf8 23. Nxe5 dxe5 24. Qb3 a4 25. Bf7+ Kd8 26. Bh4+ Kc8 27. Qc4 Bb6
28. f3 Bd7 29. O-O-O Qxh2 30. Be7 Nh7 31. Bg6 Ng5 32. Qg8+ Kc7 33. Qxa8 c5 34.
Bd8+ Kc6 35. Qxa4+ Kd6 36. Nc4+ Ke6 37. Bf5+ Kf7 38. Qxd7+ Kg8 39. Bf6 Kf8 40.
Qg7+ Ke8 41. Qe7# 1-0

[Event "AUTO-INT-78"]
[Site "http://www.queenalice.com/game.php?id=96201"]
[Date "2006.8.15"]
[Round "2"]
[White "Eagle"]
[Black "fabian"]
[Result "1-0"]
[WhiteElo "1386"]
[BlackElo "1628"]

1. d4 e6 2. e4 Qf6 3. e5 Qf5 4. Bd3 Nc6 5. Bxf5 exf5 6. d5 Nb4 7. Ne2 a5 8. c3
Na6 9. Be3 h5 10. O-O Nh6 11. f3 Be7 12. d6 cxd6 13. exd6 Bf6 14. Nd2 Be5 15.
Nc4 Bf6 16. Bxh6 gxh6 17. Qd5 Bd8 18. Qe5+ Be7 19. Qxe7# 1-0

[Event "AUTO-INT-78"]
[Site "http://www.queenalice.com/game.php?id=96202"]
[Date "2006.8.15"]
[Round "2"]
[White "fabian"]
[Black "Eagle"]
[Result "0-1"]
[WhiteElo "1645"]
[BlackElo "1393"]

1. e4 e5 2. Nh3 d5 3. Nc3 Nf6 4. Ng5 d4 5. Nb5 Bd7 6. a4 c6 7. Na3 Bxa3 8. bxa3
O-O 9. Bc4 Be8 10. d3 b5 11. axb5 Qa5+ 12. Bd2 Qc7 13. bxc6 Nxc6 14. h4 Bd7 15.
Qf3 Bg4 16. Qg3 Qb7 17. f3 Bd7 18. a4 Qb2 19. Ra2 Qb1+ 20. Ke2 Qxh1 21. c3 Nh5
22. Qf2 Rab8 23. Rc2 Rb1 24. g3 Qd1# 0-1

[Event "AUTO-INT-237"]
[Site "http://www.queenalice.com/game.php?id=126572"]
[Date "2006.11.7"]
[Round "1"]
[White "paulchess10"]
[Black "fabian"]
[Result "1-0"]
[WhiteElo "1655"]
[BlackElo "1619"]

1. e4 e5 2. Nf3 Nc6 3. Bc4 d6 4. c3 Qf6 5. d4 Qg6 6. O-O Na5 7. Be2 Qxe4 8. Re1
Nf6 9. Bb5+ c6 10. Rxe4 Nxe4 11. Bd3 Nf6 12. b4 e4 13. Qe1 Be6 14. bxa5 d5 15.
Ng5 exd3 16. Nxe6 fxe6 17. Qxe6+ Kd8 18. Bg5 Be7 19. Nd2 Re8 20. a6 h6 21. axb7
Rb8 22. Bf4 Rxb7 23. Qxc6 Rd7 24. Qa8# 1-0

[Event "AUTO-INT-237"]
[Site "http://www.queenalice.com/game.php?id=126573"]
[Date "2006.11.7"]
[Round "1"]
[White "fabian"]
[Black "paulchess10"]
[Result "0-1"]
[WhiteElo "1604"]
[BlackElo "1715"]

1. e4 c5 2. Nc3 Nc6 3. b3 g6 4. d3 Bg7 5. Bb2 Nf6 6. g4 d6 7. h3 Qa5 8. a4 d5 9.
exd5 Nxd5 10. Ne2 Nxc3 11. Bxc3 Bxc3+ 12. Nxc3 Qxc3+ 13. Ke2 Nd4+ 14. Ke3 Nxc2+
15. Kf4 Nxa1 16. Bg2 Qd4+ 17. Kg3 Qe5+ 18. f4 Qc3 19. Qe2 Nxb3 20. Re1 O-O 21.
Bd5 e6 22. Bc4 Bd7 23. a5 Qxa5 24. Rb1 Nd4 25. Qb2 Rab8 26. Ra1 Qb6 27. Qd2 Qb4
28. Qc1 Ne2+ 29. Kf2 Nxc1 30. Rxc1 Qd2+ 31. Kf3 Bc6+ 32. Kg3 Qg2+ 33. Kh4 Qf2+
34. Kg5 f6+ 35. Kh6 Qh4# 0-1

[Event "AUTO-INT-237"]
[Site "http://www.queenalice.com/game.php?id=126586"]
[Date "2006.11.7"]
[Round "1"]
[White "alilrr"]
[Black "fabian"]
[Result "1-0"]
[WhiteElo "1488"]
[BlackElo "1536"]

1. e4 e5 2. Bc4 Nf6 3. d3 Nc6 4. Nc3 Bc5 5. Qf3 Nd4 6. Qd1 d6 7. Be3 Bg4 8. f3
Bh5 9. g4 Bg6 10. Nh3 a6 11. Ng5 b5 12. Bd5 c6 13. Bxd4 exd4 14. Bxc6+ Ke7 15.
Bxa8 Qxa8 16. Nd5+ Kd7 17. b4 h6 18. Nh3 Ba7 19. c3 dxc3 20. Nxc3 Bd4 21. Qc2
Rc8 22. Qd2 Bxc3 23. Rd1 Bxd2+ 24. Rxd2 Qc6 25. Nf2 Qc3 26. Nd1 Qxb4 27. Ke2 d5
28. Ne3 d4 29. Nc2 Qc5 30. Rc1 Ne8 31. a3 f6 32. Kd1 a5 33. Ne1 Qxc1+ 34. Ke2
Qxa3 35. Nc2 1-0

[Event "AUTO-INT-237"]
[Site "http://www.queenalice.com/game.php?id=126587"]
[Date "2006.11.7"]
[Round "1"]
[White "fabian"]
[Black "alilrr"]
[Result "0-1"]
[WhiteElo "1586"]
[BlackElo "1462"]

1. e4 e5 2. Nf3 Nc6 3. c4 a6 4. h4 Bc5 5. d3 Nd4 6. Nxe5 Nf6 7. Qa4 O-O 8. Nc3
b5 9. Qd1 Qe7 10. f4 d6 11. Nf3 Ng4 12. Nd5 Qd7 13. g3 bxc4 14. dxc4 Nc6 15. Qc2
Nf2 16. Rh2 Nxe4 17. Qxe4 Re8 18. Ne5 dxe5 19. Bd3 exf4 20. Qxe8+ Qxe8+ 21. Re2
Qd8 22. Nxf4 Nd4 23. Re5 Nf3+ 24. Ke2 Nxe5 25. b3 h6 26. Be4 Bg4+ 27. Ke1 Qd1#
0-1

[Event "AUTO-INT-237"]
[Site "http://www.queenalice.com/game.php?id=126596"]
[Date "2006.11.7"]
[Round "1"]
[White "fabian"]
[Black "Trefor"]
[Result "0-1"]
[WhiteElo "1619"]
[BlackElo "1987"]

1. e4 e6 2. Nh3 c5 3. c4 Nc6 4. Nc3 Nf6 5. Qf3 Nd4 6. Qd3 d6 7. a4 Nd7 8. g4 Qh4
9. Nb5 Ne5 10. Qc3 Nef3+ 11. Kd1 Qxg4 12. Nc7+ Kd8 13. Qa5 Ng1+ 14. Ke1 Nc2# 0-1

[Event "AUTO-INT-237"]
[Site "http://www.queenalice.com/game.php?id=126597"]
[Date "2006.11.7"]
[Round "1"]
[White "Trefor"]
[Black "fabian"]
[Result "1-0"]
[WhiteElo "1989"]
[BlackElo "1619"]

1. e4 e5 2. f4 Nf6 3. Nf3 Bd6 4. fxe5 Nxe4 5. exd6 cxd6 6. Bc4 Qb6 7. Qe2 f5 8.
d3 d5 9. Bxd5 Qa5+ 10. Nc3 Kf8 11. dxe4 fxe4 12. O-O Qb6+ 13. Be3 Qxb2 14. Bc5+
Ke8 15. Qxe4+ Kd8 16. Qe7+ Kc7 17. Qe5+ Kd8 18. Be7+ Ke8 19. Bd6+ Kd8 20. Qe7#
1-0

[Event "AUTO-INT-261"]
[Site "http://www.queenalice.com/game.php?id=135275"]
[Date "2006.11.30"]
[Round "1"]
[White "jobjarna"]
[Black "fabian"]
[Result "1-0"]
[WhiteElo "1713"]
[BlackElo "1582"]

1. d4 Nf6 2. c4 e6 3. a3 Nc6 4. Nc3 a5 5. e4 h5 6. h3 b6 7. Nf3 g6 8. Be2 Ba6 9.
Be3 h4 10. b3 Bg7 11. Bg5 d6 12. Qc2 e5 13. Rd1 Qd7 14. dxe5 Ng8 15. exd6 cxd6
16. Bf4 Bf8 17. e5 Qb7 18. exd6 Rd8 19. O-O Bh6 20. Ng5 Bxg5 21. Bxg5 f6 22.
Qxg6+ Kf8 23. Bxf6 Nxf6 24. Qxf6+ Kg8 25. Bf3 Rf8 26. Qg6+ Qg7 27. Bd5+ Rf7 28.
Qxg7+ Kxg7 29. Bxc6 Rc8 30. Bd5 Rd7 31. Be6 Rcd8 32. Bxd7 Rxd7 33. Rfe1 Kg6 34.
Na4 1-0

[Event "AUTO-INT-261"]
[Site "http://www.queenalice.com/game.php?id=135276"]
[Date "2006.11.30"]
[Round "1"]
[White "fabian"]
[Black "jobjarna"]
[Result "0-1"]
[WhiteElo "1571"]
[BlackElo "1724"]

1. e4 c5 2. Nh3 e5 3. Bc4 Be7 4. Qf3 Nf6 5. Qg3 g6 6. Ng5 O-O 7. Qxe5 d6 8. Qf4
Nc6 9. a4 Ne5 10. b3 Nxc4 11. bxc4 Nh5 12. Qf3 Bxg5 13. g4 Ng7 14. Qg3 Ne6 15.
Nc3 Nd4 16. Ra2 Qf6 17. O-O Nf3+ 18. Kg2 Ne5 19. Nd5 Qd8 20. f4 Bh4 21. Qc3 Nxg4
22. Bb2 f6 23. h3 Nh6 24. e5 Be6 25. Ne3 d5 26. cxd5 Bxd5+ 27. Kg1 Bxa2 28. Ng2
Nf5 29. a5 Qd4+ 30. Ne3 Qxc3 31. Bxc3 Nxe3 32. dxe3 f5 33. Rd1 Rad8 34. Ra1 Bd5
0-1

[Event "AUTO-INT-261"]
[Site "http://www.queenalice.com/game.php?id=135287"]
[Date "2006.11.30"]
[Round "1"]
[White "laufchess"]
[Black "fabian"]
[Result "1-0"]
[WhiteElo "1840"]
[BlackElo "1592"]

1. e4 e5 2. Nf3 Nc6 3. Bc4 Nf6 4. Ng5 Qe7 5. Bxf7+ Kd8 6. Bc4 Ke8 7. Nc3 h6 8.
Nd5 Qc5 9. Nxc7+ Kd8 10. Nxa8 hxg5 11. d3 Rh4 12. Bxg5 Rh7 13. c3 Rh5 14. Qxh5
Ne7 15. Bxf6 gxf6 16. Qf7 Nc6 17. Qxf6+ Ne7 18. Qxf8# 1-0

[Event "AUTO-INT-261"]
[Site "http://www.queenalice.com/game.php?id=135288"]
[Date "2006.11.30"]
[Round "1"]
[White "fabian"]
[Black "laufchess"]
[Result "0-1"]
[WhiteElo "1586"]
[BlackElo "1874"]

1. e4 e5 2. Nh3 d5 3. Nc3 dxe4 4. Nxe4 Bxh3 5. gxh3 Nf6 6. d3 Be7 7. Qf3 Nc6 8.
Qg3 O-O 9. a4 Nd4 10. Rg1 Nh5 11. Qg2 Nxc2+ 12. Kd1 Nxa1 13. Bh6 g6 14. Bxf8
Kxf8 15. Qf3 Qd4 16. Nc3 Bh4 17. Nb5 Qxa4+ 18. Ke2 Qc2+ 19. Ke3 Qc1+ 20. Ke4 f5+
21. Kxe5 Re8+ 22. Kd4 Nb3+ 23. Kd5 Qc6# 0-1

[Event "AUTO-INT-261"]
[Site "http://www.queenalice.com/game.php?id=135295"]
[Date "2006.11.30"]
[Round "1"]
[White "fabian"]
[Black "Zendrix"]
[Result "0-1"]
[WhiteElo "1561"]
[BlackElo "1645"]

1. e4 e5 2. Nh3 d5 3. Nc3 d4 4. Nd5 c6 5. Qh5 cxd5 6. Ng5 Qe7 7. Bb5+ Bd7 8. a4
g6 9. Qg4 Nf6 10. Qf3 dxe4 11. Nxe4 Nxe4 12. Qxe4 Bxb5 13. axb5 f5 14. Qd5 Bg7
15. b6 a6 16. d3 Qb4+ 17. Bd2 Qxb6 18. Ba5 Qc6 19. Qb3 Qd7 20. Ra4 b5 21. Ra3
Nc6 22. h4 h5 23. Bd2 Bf8 24. Bg5 Bxa3 25. bxa3 Rb8 26. O-O a5 27. Re1 a4 28.
Qa2 Kf8 29. g3 Kg7 0-1

[Event "AUTO-INT-261"]
[Site "http://www.queenalice.com/game.php?id=135296"]
[Date "2006.11.30"]
[Round "1"]
[White "Zendrix"]
[Black "fabian"]
[Result "1-0"]
[WhiteElo "1658"]
[BlackElo "1548"]

1. e4 e5 2. Nf3 Nc6 3. Bc4 Nf6 4. d3 Bc5 5. O-O a6 6. a3 b5 7. Ba2 a5 8. Ng5 Rf8
9. c3 h6 10. Nf3 a4 11. Re1 Ng4 12. d4 Bd6 13. d5 Na5 14. h3 Nf6 15. Qd3 Ba6 16.
Qd1 g5 17. Bd2 c5 18. dxc6 dxc6 19. Kh1 g4 20. hxg4 Nxg4 21. Kg1 Bc5 22. Be3 Qb6
23. Nh4 h5 24. Qf3 f6 25. Ng6 Rf7 26. Bxf7+ Kxf7 27. Nxe5+ Nxe5 28. Qxh5+ Ke6
29. Qh3+ Kd6 30. Bxc5+ 1-0